[Event "8th Gibraltar U16-Junior 2018"]
[Site "Caleta"]
[Date "2018.08.20"]
[Round "6"]
[White "Manocha, Shobhin"]
[Black "Cox, Ben"]
[Result "1-0"]
[WhiteElo "1461"]
[BlackElo "1466"]
[Annotator "NA RC"]
[PlyCount "97"]
[EventDate "2018.08.17"]
[EventType "swiss"]
[EventCountry "GGB"]
[SourceTitle "playchess.com"]
[Source "ChessBase"]
[SourceQuality "1"]
[TimeControl "6600+10"]

1. e4 {[%emt 0:00:00]} c5 {[%emt 0:00:00]} 2. Nf3 {[%emt 0:00:00]} d6 {[%emt 0:00:00]} 3. d4 {[%emt 0:00:06]} cxd4 {[%emt 0:00:00]} 4. Nxd4 {[%emt 0:00:09]} Nf6 {[%emt 0:00:03]} 5. Nc3 {[%emt 0:00:07]} g6 {[%emt 0:00:19]} 6. Be2 {[%emt 0:00:10]} Bg7 {[%emt 0:00:04]} 7. O-O {[%emt 0:00:11]} O-O {[%emt 0:00:29]} 8. Bg5 {[%emt 0:00:21]} Nc6 {[%emt 0:00:49]} 9. Nb3 {[%emt 0:00:05]} a5 {[%emt 0:02:03]} 10. a4 {[%emt 0:01:32]} Nb4 {[%emt 0:00:47]} 11. f4 {[%emt 0:01:30]} Bd7 {[%emt 0:05:38]} 12. Kh1 {[%emt 0:00:56]} Rc8 {[%emt 0:01:10]} 13. Bf3 {[%emt 0:02:22]} Qc7 {[%emt 0:08:30]} 14. Qd2 {[%emt 0:07:18]} Bc6 {[%emt 0:04:34]} 15. Rfe1 {[%emt 0:10:07]} Rfd8 {[%emt 0:02:06]} 16. Qf2 {[%emt 0:04:35]} d5 {[%emt 0:11:12]} 17. e5 {[%emt 0:02:52]} Ne4 {[%emt 0:06:35]} 18. Bxe4 {[%emt 0:02:18]} dxe4 {[%emt 0:01:21]} 19. Rac1 {[%emt 0:11:43]} f6 {[%emt 0:16:58]} 20. exf6 {[%emt 0:05:50]} exf6 {[%emt 0:00:23]} 21. Bh4 {[%emt 0:00:58]} Re8 {[%emt 0:00:27]} 22. f5 {[%emt 0:01:39]} Qe5 {[%emt 0:05:51]} 23. fxg6 {[%emt 0:04:58]} hxg6 {[%emt 0:02:05]} 24. Qe2 {[%emt 0:06:08]} f5 {[%emt 0:06:39]} 25. Nd2 {[%emt 0:07:43]} Kf7 {[%emt 0:07:31]} 26. Nc4 {[%emt 0:01:09]} Qc7 {[%emt 0:01:17]} 27. Bg3 {[%emt 0:01:09]} Qe7 {[%emt 0:06:20]} 28. Nd6+ {[%emt 0:03:16]} Kf6 {[%emt 0:03:06]} 29. Qd2 {[%emt 0:11:03]} Ke6 {[%emt 0:01:09]} 30. Nxc8 {[%emt 0:02:13]} Rxc8 {[%emt 0:00:12]} 31. Qe2 {[%emt 0:01:24]} Rh8 {[%emt 0:01:14]} 32. Qc4+ {[%emt 0:00:42]} Kd7 {[%emt 0:01:51]} 33. Rcd1+ {[%emt 0:00:44]} Ke8 {[%emt 0:01:04]} 34. Nb5 {[%emt 0:01:04]} Bxb5 {[%emt 0:01:35]} 35. Qxb5+ {[%emt 0:00:36]} Nc6 {[%emt 0:00:43]} 36. Rd6 {[%emt 0:02:42]} Be5 {[%emt 0:02:01]} 37. Rxc6 {[%emt 0:01:49]} bxc6 {[%emt 0:00:25]} 38. Qxe5 {[%emt 0:00:53]} Qxe5 {[%emt 0:00:34]} 39. Bxe5 {[%emt 0:00:06]} Rh7 {[%emt 0:00:01]} 40. h3 {[%emt 0:01:24]} Re7 {[%emt 0:01:12]} 41. Bc3 {[%emt 0:00:41]} Ra7 {[%emt 0:00:43]} 42. Kh2 {[%emt 0:00:36]} Ke7 {[%emt 0:00:12]} 43. Kg3 {[%emt 0:00:31]} Ke6 {[%emt 0:00:57]} 44. Kf4 {[%emt 0:00:39]} Rb7 {[%emt 0:01:19]} 45. Rd1 {[%emt 0:00:37]} c5 {[%emt 0:00:31]} 46. Rd8 {[%emt 0:00:28]} Kf7 {[%emt 0:00:36]} 47. Rc8 {[%emt 0:00:43]} Re7 {[%emt 0:00:20]} 48. Rxc5 {[%emt 0:00:40]} e3 {[%emt 0:00:20]} 49. Re5 {[%emt 0:00:41]} 1-0

[Event "8th Gibraltar U16-Junior 2018"]
[Site "Caleta"]
[Date "2018.08.20"]
[Round "6"]
[White "Le Barbier, Vincent"]
[Black "Dharmasena, Gavith"]
[Result "0-1"]
[WhiteElo "1457"]
[BlackElo "1433"]
[Annotator "NA RC"]
[PlyCount "118"]
[EventDate "2018.08.17"]
[EventType "swiss"]
[EventCountry "GGB"]
[SourceTitle "playchess.com"]
[Source "ChessBase"]
[SourceQuality "1"]
[TimeControl "6600+10"]

1. e4 {[%emt 0:00:00]} e5 {[%emt 0:00:00]} 2. Nf3 {[%emt 0:00:00]} Nc6 {[%emt 0:00:02]} 3. Bc4 {[%emt 0:00:05]} Bc5 {[%emt 0:00:04]} 4. Nc3 {[%emt 0:00:30]} Nf6 {[%emt 0:00:27]} 5. d3 {[%emt 0:00:07]} d6 {[%emt 0:00:17]} 6. Bg5 {[%emt 0:00:10]} h6 {[%emt 0:00:06]} 7. Bh4 {[%emt 0:00:12]} g5 {[%emt 0:00:09]} 8. Bg3 {[%emt 0:00:19]} Bg4 {[%emt 0:00:22]} 9. Bb5 {[%emt 0:00:45]} Qd7 {[%emt 0:01:17]} 10. Bxc6 {[%emt 0:01:10]} Qxc6 {[%emt 0:00:15]} 11. h3 {[%emt 0:00:26]} Be6 {[%emt 0:00:32]} 12. Qe2 {[%emt 0:01:40]} Qb6 {[%emt 0:01:00]} 13. Na4 {[%emt 0:01:06]} Qb4+ {[%emt 0:00:06]} 14. Qd2 {[%emt 0:01:35]} Qxa4 {[%emt 0:00:21]} 15. O-O {[%emt 0:01:00]} Nh5 {[%emt 0:00:15]} 16. Kh2 {[%emt 0:01:07]} O-O-O {[%emt 0:00:34]} 17. b3 {[%emt 0:00:20]} Qb5 {[%emt 0:02:25]} 18. a4 {[%emt 0:00:41]} Qc6 {[%emt 0:01:10]} 19. Rac1 {[%emt 0:01:07]} Nxg3 {[%emt 0:00:16]} 20. fxg3 {[%emt 0:00:24]} Qb6 {[%emt 0:00:36]} 21. Rfe1 {[%emt 0:01:21]} Qb4 {[%emt 0:00:56]} 22. Qd1 {[%emt 0:01:36]} g4 {[%emt 0:01:25]} 23. Nh4 {[%emt 0:01:27]} gxh3 {[%emt 0:00:24]} 24. gxh3 {[%emt 0:01:05]} Rdg8 {[%emt 0:00:20]} 25. Qf3 {[%emt 0:01:44]} Qd2+ {[%emt 0:00:33]} 26. Ng2 {[%emt 0:00:57]} Qf2 {[%emt 0:00:46]} 27. Qxf2 {[%emt 0:00:54]} Bxf2 {[%emt 0:00:05]} 28. Re2 {[%emt 0:00:07]} Bxg3+ {[%emt 0:00:07]} 29. Kh1 {[%emt 0:00:51]} Bxh3 {[%emt 0:00:09]} 30. Rg1 {[%emt 0:01:08]} Bg4 {[%emt 0:01:12]} 31. Rd2 {[%emt 0:00:40]} Bf3 {[%emt 0:00:30]} 32. c4 {[%emt 0:00:36]} h5 {[%emt 0:00:31]} 33. Rf1 {[%emt 0:00:48]} Bf4 {[%emt 0:00:33]} 34. Rdf2 {[%emt 0:00:47]} Bxg2+ {[%emt 0:00:16]} 35. Rxg2 {[%emt 0:00:08]} h4 {[%emt 0:00:11]} 36. Rfg1 {[%emt 0:00:19]} Rxg2 {[%emt 0:00:11]} 37. Rxg2 {[%emt 0:00:03]} h3 {[%emt 0:00:08]} 38. Rg7 {[%emt 0:00:34]} h2 {[%emt 0:00:10]} 39. b4 {[%emt 0:00:24]} Rh3 {[%emt 0:00:19]} 40. b5 {[%emt 0:00:43]} Rxd3 {[%emt 0:00:11]} 41. Rh7 {[%emt 0:01:02]} Rd1+ {[%emt 0:00:11]} 42. Kg2 {[%emt 0:00:02]} Rg1+ {[%emt 0:00:08]} 43. Kf3 {[%emt 0:00:53]} h1=Q+ {[%emt 0:00:07]} 44. Rxh1 {[%emt 0:00:08]} Rxh1 {[%emt 0:00:10]} 45. a5 {[%emt 0:00:09]} Rh3+ {[%emt 0:00:14]} 46. Kg4 {[%emt 0:00:03]} Rc3 {[%emt 0:00:16]} 47. b6 {[%emt 0:00:16]} cxb6 {[%emt 0:00:21]} 48. axb6 {[%emt 0:00:03]} a5 {[%emt 0:00:07]} 49. c5 {[%emt 0:00:40]} Rxc5 {[%emt 0:00:06]} 50. Kf5 {[%emt 0:00:49]} a4 {[%emt 0:00:40]} 51. Kf6 {[%emt 0:00:00]} a3 {[%emt 0:00:07]} 52. Kxf7 {[%emt 0:00:02]} a2 {[%emt 0:00:05]} 53. Kf6 {[%emt 0:00:05]} Bg5+ {[%emt 0:00:07]} 54. Kxg5 {[%emt 0:00:19]} a1=Q {[%emt 0:00:09]} 55. Kf6 {[%emt 0:00:11]} Qf1+ {[%emt 0:00:07]} 56. Ke6 {[%emt 0:00:12]} Rc6 {[%emt 0:00:28]} 57. Kd5 {[%emt 0:00:19]} Qf2 {[%emt 0:00:12]} 58. Ke6 {[%emt 0:00:04]} d5+ {[%emt 0:00:24]} 59. Kxd5 {[%emt 0:00:06]} Qd4# {[%emt 0:00:06] Kxd4 [%clk 01:25:12] [%emt 00:00:05]} 0-1

[Event "8th Gibraltar U16-Junior 2018"]
[Site "Caleta"]
[Date "2018.08.20"]
[Round "6"]
[White "Chouki, Aali"]
[Black "Carroll, Thomas"]
[Result "0-1"]
[WhiteElo "1413"]
[BlackElo "1965"]
[Annotator "NA RC"]
[PlyCount "40"]
[EventDate "2018.08.17"]
[EventType "swiss"]
[EventCountry "GGB"]
[SourceTitle "playchess.com"]
[Source "ChessBase"]
[SourceQuality "1"]
[TimeControl "6600+10"]

{[%evp 13,40,0,-7,0,-15,-20,-10,-31,-33,-19,6,-47,-71,-95,-14,-111,-32,-31,-31,-82,-72,-216,-155,-137,-162,-462,-452,-814,-361]} 1. e4 {[%emt 0:00:00]} c5 {[%emt 0:00:00]} 2. Nc3 {[%emt 0:00:00]} a6 {[%emt 0:00:00]} 3. f4 {[%emt 0:00:06]} b5 {[%emt 0:00:00]} 4. Nf3 {[%emt 0:00:29]} Bb7 {[%emt 0:00:04] B23: Closed Sicilian: Lines without g3} 5. d3 {[%emt 0:00:09]} e6 {[%emt 0:00:28]} 6. g3 {[%emt 0:00:20]} d5 {[%emt 0:00:41]} (6... Nf6 7. Bg2 d6 8. O-O Qc7 9. h3 Be7 10. a4 b4 11. Ne2 h5 12. b3 Nbd7 13. Bb2 a5 14. Kh1 e5 15. Nd2 {1-0 (36) Amonatov,F (2636)-Korobov,A (2652) Riadh 2017}) 7. exd5 {[%emt 0:00:37]} exd5 {[%emt 0:00:23]} 8. Bg2 {[%emt 0:00:10]} Nf6 {[%emt 0:01:46]} 9. O-O {[%emt 0:00:38] LiveBook: 7 Games} Be7 {[%emt 0:01:41]} 10. a3 {[%emt 0:01:58]} O-O {[%emt 0:00:45]} 11. Ne5 $146 {[%emt 0:01:08]} ({Predecessor:} 11. d4 Nc6 12. Kh1 {½-½ (27) Pye,D (2157)-McDougall,A Eastleigh 2010}) 11... Re8 {[%emt 0:04:47]} 12. Qf3 {[%emt 0:03:12]} Ra7 {[%emt 0:05:24]} 13. Qf2 {[%emt 0:01:26]} Bd6 {[%emt 0:08:08]} (13... d4 $17 14. Bxb7 Rxb7) 14. b4 {[%emt 0:08:19]} (14. d4 $11 {remains equal.}) 14... Qb6 {[%emt 0:09:29]} ({Black should play} 14... d4 $17 15. Bxb7 Rxb7) 15. Bb2 {[%emt 0:03:38]} d4 {[%emt 0:05:50]} 16. Ne2 {[%emt 0:00:45]} (16. Ne4 $11 Bxe4 17. dxe4) 16... Bxg2 {[%emt 0:03:18]} 17. Kxg2 {[%emt 0:04:17]} (17. bxc5 $17 {was necessary.} Bxc5 18. Qxg2) 17... Bxe5 {[%emt 0:02:04]} 18. fxe5 {[%emt 0:00:11] [#]} Ng4 $1 {[%emt 0:00:36]} ({Weaker is} 18... Rxe5 19. bxc5 Qxc5 20. Rae1 $11) 19. bxc5 $2 {[%emt 0:01:18]} (19. Qf4 $17 {is a better chance.} Ne3+ 20. Kg1 Nxf1 21. bxc5 Nxg3 22. Nxg3) 19... Qh6 {[%emt 0:01:53]} 20. Qxd4 {[%emt 0:12:31]} (20. Qg1 $142 Ne3+ 21. Kf2) 20... Qxh2+ $19 {[%emt 0:02:43]} 0-1

[Event "8th Gibraltar U16-Junior 2018"]
[Site "Caleta"]
[Date "2018.08.20"]
[Round "6"]
[White "Rayner, Hugo"]
[Black "Weersing, Sarah"]
[Result "1/2-1/2"]
[WhiteElo "1391"]
[BlackElo "1608"]
[Annotator "NA RC"]
[PlyCount "47"]
[EventDate "2018.08.17"]
[EventType "swiss"]
[EventCountry "GGB"]
[SourceTitle "playchess.com"]
[Source "ChessBase"]
[SourceQuality "1"]
[TimeControl "6600+10"]

1. e4 {[%emt 0:00:00]} e6 {[%emt 0:00:00]} 2. d4 {[%emt 0:00:00]} d5 {[%emt 0:00:00]} 3. Nc3 {[%emt 0:00:00]} Nf6 {[%emt 0:00:03]} 4. e5 {[%emt 0:00:06]} Nfd7 {[%emt 0:00:06]} 5. f4 {[%emt 0:00:07]} c5 {[%emt 0:00:27]} 6. Nf3 {[%emt 0:00:07]} Qb6 {[%emt 0:01:18]} 7. a3 {[%emt 0:00:21]} Nc6 {[%emt 0:01:08]} 8. Be3 {[%emt 0:00:13]} a6 {[%emt 0:01:39]} 9. Be2 {[%emt 0:01:14]} Be7 {[%emt 0:07:53]} 10. O-O {[%emt 0:03:37]} cxd4 {[%emt 0:02:29]} 11. Nxd4 {[%emt 0:04:37]} Nxd4 {[%emt 0:01:53]} 12. Bxd4 {[%emt 0:00:20]} Bc5 {[%emt 0:01:15]} 13. Bxc5 {[%emt 0:00:26]} Qxc5+ {[%emt 0:00:12]} 14. Kh1 {[%emt 0:00:15]} O-O {[%emt 0:13:00]} 15. Bd3 {[%emt 0:05:34]} Qe7 {[%emt 0:11:44]} 16. Rf3 {[%emt 0:07:42]} g6 {[%emt 0:03:27]} 17. Rg3 {[%emt 0:05:36]} Nc5 {[%emt 0:05:56]} 18. Rc1 {[%emt 0:03:37]} Nxd3 {[%emt 0:04:41]} 19. cxd3 {[%emt 0:00:15]} f6 {[%emt 0:00:54]} 20. d4 {[%emt 0:01:14]} fxe5 {[%emt 0:01:12]} 21. fxe5 {[%emt 0:00:43]} Bd7 {[%emt 0:00:43]} 22. Na4 {[%emt 0:00:02]} Bc8 {[%emt 0:00:02]} 23. Nc3 b5 24. b4 {[%emt 0:00:09]} 1/2-1/2

[Event "8th Gibraltar U16-Junior 2018"]
[Site "Caleta"]
[Date "2018.08.20"]
[Round "6"]
[White "Vyas, Param"]
[Black "Dhanwani, Aryan"]
[Result "1/2-1/2"]
[WhiteElo "1372"]
[BlackElo "1169"]
[Annotator "NA RC"]
[PlyCount "61"]
[EventDate "2018.08.17"]
[EventType "swiss"]
[EventCountry "GGB"]
[SourceTitle "playchess.com"]
[Source "ChessBase"]
[SourceQuality "1"]
[TimeControl "6600+10"]

1. d4 {[%emt 0:00:00]} c6 {[%emt 0:00:13]} 2. Nf3 {[%emt 0:00:02]} d5 {[%emt 0:00:21]} 3. g3 {[%emt 0:00:15]} Bf5 {[%emt 0:00:44]} 4. Bg2 {[%emt 0:00:14]} Nd7 {[%emt 0:01:34]} 5. O-O {[%emt 0:00:33]} e6 {[%emt 0:00:44]} 6. b3 {[%emt 0:01:18]} Be7 {[%emt 0:03:26]} 7. Bb2 {[%emt 0:00:07]} Ngf6 {[%emt 0:01:40]} 8. Nbd2 {[%emt 0:00:22]} O-O {[%emt 0:00:51]} 9. c4 {[%emt 0:02:51]} b6 {[%emt 0:02:33]} 10. Nh4 {[%emt 0:07:03]} Rc8 {[%emt 0:16:02]} 11. Nxf5 {[%emt 0:02:52]} exf5 {[%emt 0:00:20]} 12. Rc1 {[%emt 0:00:39]} Ne4 {[%emt 0:06:38]} 13. e3 {[%emt 0:18:08]} Ndf6 {[%emt 0:11:21]} 14. Qe2 {[%emt 0:08:07]} Nxd2 {[%emt 0:00:48]} 15. Qxd2 {[%emt 0:00:18]} Ne4 {[%emt 0:00:14]} 16. Bxe4 {[%emt 0:03:03]} dxe4 {[%emt 0:03:38]} 17. Rfd1 {[%emt 0:03:33]} Bf6 {[%emt 0:11:39]} 18. Qe2 {[%emt 0:07:09]} Qe7 {[%emt 0:04:51]} 19. d5 {[%emt 0:04:54]} Bxb2 {[%emt 0:02:02]} 20. Qxb2 {[%emt 0:00:06]} c5 {[%emt 0:03:38]} 21. a3 {[%emt 0:04:14]} Qd6 {[%emt 0:03:39]} 22. b4 {[%emt 0:02:42]} Rb8 {[%emt 0:00:45]} 23. Qc3 {[%emt 0:01:44]} Rb7 {[%emt 0:01:41]} 24. b5 {[%emt 0:02:22]} Re8 {[%emt 0:04:44]} 25. a4 {[%emt 0:02:44]} Rbb8 {[%emt 0:01:44]} 26. Ra1 {[%emt 0:01:38]} a5 {[%emt 0:04:00]} 27. bxa6 {[%emt 0:03:28]} Ra8 {[%emt 0:00:47]} 28. a7 {[%emt 0:07:35]} Rxa7 {[%emt 0:00:30]} 29. Rdb1 {[%emt 0:00:11]} Rea8 {[%emt 0:04:49]} 30. Qb3 {[%emt 0:00:26]} Ra6 {[%emt 0:01:06]} 31. Ra2 {[%emt 0:03:46]} 1/2-1/2

[Event "8th Gibraltar U16-Junior 2018"]
[Site "Caleta"]
[Date "2018.08.20"]
[Round "6"]
[White "Gough, Theo"]
[Black "Atara, Omeet J"]
[Result "0-1"]
[WhiteElo "1346"]
[BlackElo "1704"]
[Annotator "NA RC"]
[PlyCount "50"]
[EventDate "2018.08.17"]
[EventType "swiss"]
[EventCountry "GGB"]
[SourceTitle "playchess.com"]
[Source "ChessBase"]
[SourceQuality "1"]
[TimeControl "6600+10"]

1. d4 {[%emt 0:00:00]} d5 {[%emt 0:00:00]} 2. c4 {[%emt 0:00:05]} c6 {[%emt 0:00:04]} 3. Nf3 {[%emt 0:00:12]} e6 {[%emt 0:00:06]} 4. e3 {[%emt 0:00:10]} f5 {[%emt 0:00:06]} 5. Nbd2 {[%emt 0:00:25]} Nf6 {[%emt 0:00:10]} 6. b3 {[%emt 0:00:25]} Bd6 {[%emt 0:00:32]} 7. Bb2 {[%emt 0:00:11]} Nbd7 {[%emt 0:02:49]} 8. Bd3 {[%emt 0:01:42]} b6 {[%emt 0:04:27]} 9. O-O {[%emt 0:00:50]} O-O {[%emt 0:02:34]} 10. Ne5 {[%emt 0:04:00]} Bb7 {[%emt 0:02:36]} 11. Rc1 {[%emt 0:01:44]} Rc8 {[%emt 0:04:52]} 12. Ndf3 {[%emt 0:04:29]} Qe7 {[%emt 0:13:08]} 13. Nh4 {[%emt 0:11:35]} Ne4 {[%emt 0:10:04]} 14. Nhf3 {[%emt 0:09:47]} Ndf6 {[%emt 0:04:49]} 15. Qe2 {[%emt 0:02:55]} g5 {[%emt 0:11:57]} 16. Nd2 {[%emt 0:07:02]} Nd7 {[%emt 0:16:27]} 17. cxd5 {[%emt 0:11:08]} exd5 {[%emt 0:06:01]} 18. Nxd7 {[%emt 0:13:27]} Nxd2 {[%emt 0:03:50]} 19. Qxd2 {[%emt 0:05:54]} Qxd7 {[%emt 0:00:06]} 20. Qe2 {[%emt 0:02:44]} Qg7 {[%emt 0:02:19]} 21. Qh5 {[%emt 0:03:12]} Rf6 {[%emt 0:03:58]} 22. g3 {[%emt 0:03:12]} Rcf8 {[%emt 0:01:37]} 23. Kg2 {[%emt 0:01:21]} f4 {[%emt 0:01:41]} 24. Qd1 {[%emt 0:01:04]} f3+ 25. Kg1 Qh6 0-1

[Event "8th Gibraltar U16-Junior 2018"]
[Site "Caleta"]
[Date "2018.08.20"]
[Round "6"]
[White "Shigaeva, Arina"]
[Black "Kirupakaran, Vishnu"]
[Result "0-1"]
[WhiteElo "1271"]
[BlackElo "1786"]
[Annotator "NA RC"]
[PlyCount "48"]
[EventDate "2018.08.17"]
[EventType "swiss"]
[EventCountry "GGB"]
[SourceTitle "playchess.com"]
[Source "ChessBase"]
[SourceQuality "1"]
[TimeControl "6600+10"]

1. d4 {[%emt 0:00:00]} d5 {[%emt 0:00:00]} 2. Bf4 {[%emt 0:00:03]} Nf6 {[%emt 0:00:00]} 3. Nf3 {[%emt 0:00:18]} c5 {[%emt 0:00:03]} 4. c3 {[%emt 0:00:19]} Nc6 {[%emt 0:00:06]} 5. e3 {[%emt 0:00:39]} Qb6 {[%emt 0:00:20]} 6. Qc2 {[%emt 0:05:26]} Bd7 {[%emt 0:22:07]} 7. h3 {[%emt 0:05:17]} Rc8 {[%emt 0:00:34]} 8. Qb3 {[%emt 0:07:50]} c4 {[%emt 0:08:28]} 9. Qxb6 {[%emt 0:00:31]} axb6 {[%emt 0:00:03]} 10. Nbd2 {[%emt 0:01:14]} b5 {[%emt 0:02:41]} 11. Be2 {[%emt 0:01:25]} b4 {[%emt 0:01:50]} 12. O-O {[%emt 0:01:18]} b5 {[%emt 0:02:26]} 13. Ne5 {[%emt 0:04:44]} e6 {[%emt 0:07:29]} 14. Ndf3 {[%emt 0:03:27]} Ne4 {[%emt 0:01:41]} 15. Rfc1 {[%emt 0:03:06]} bxc3 {[%emt 0:17:43]} 16. bxc3 {[%emt 0:00:44]} Ba3 {[%emt 0:00:08]} 17. Rc2 {[%emt 0:02:09]} b4 {[%emt 0:01:36]} 18. Nd2 {[%emt 0:10:01]} Nxc3 {[%emt 0:02:44]} 19. Bf3 {[%emt 0:08:48]} Nxe5 {[%emt 0:01:01]} 20. Bxe5 {[%emt 0:01:42]} Ba4 {[%emt 0:00:25]} 21. Rcc1 {[%emt 0:01:06]} Bxc1 {[%emt 0:02:13]} 22. Rxc1 {[%emt 0:00:14]} Nxa2 {[%emt 0:00:41]} 23. Ra1 {[%emt 0:00:51]} c3 {[%emt 0:03:39]} 24. Rxa2 {[%emt 0:01:34]} c2 {[%emt 0:00:00]} 0-1